000 00417nam a2200157Ia 4500
005 20250403092106.0
008 231217s9999 xx 000 0 und d
020 _a9788131404638
082 _a658.8 SRE;1 R
100 _aSreedhar, G V S ed.
245 0 _aMulticultural marketing : an introduction
260 _c2006
_bIcfai
_aHyderabad
300 _axi, 201
650 _aMulticultural,marketing
942 _cAA
999 _c190586
_d190586